000
00286nam a2200121 a 4500
008
101026s1965|||| d
100
1
_a
Doľd-Mychajlyk, J.
245
1
0
_a
Sám vojak v poli
_p
1.diel
260
_b
VPL
_a
Bratislava
_c
1965
020
_c
22
041
_a
slo
044
_a
xo
_c
SK
999
_c
12296
_d
12296